L'église de Pologne et l'avenir de la nation

Saved in:  
Bibliographic Details
Main Author: Michel, Patrick 1955- (Author)
Format: Print Book
Language:French
Subito Delivery Service: Order now.
Check availability: HBZ Gateway
WorldCat: WorldCat
Interlibrary Loan:Interlibrary Loan for the Fachinformationsdienste (Specialized Information Services in Germany)
Published: Paris Le Centurion 1981
In:Year: 1981
Series/Journal:"Faire notre histoire": Propositions
Standardized Subjects / Keyword chains:B Poles / Church history studies
Further subjects:B Poles
B Holy See (motif)

MARC

LEADER 00000cam a2200000 c 4500
001 424277883
003 DE-627
005 20251223204344.0
007 tu
008 990101s1981 fr ||||| 00| ||fre c
020 |a 2227356103  |9 2-227-35610-3 
035 |a (DE-627)424277883 
035 |a (DE-576)064157024 
035 |a (DE-599)GBV424277883 
035 |a (OCoLC)164616083 
035 |a (OCoLC)08429987 
035 |a (DE-604)8064593886 
040 |a DE-627  |b ger  |c DE-627  |e rakwb 
041 |a fre 
044 |c XA-FR 
082 0 |a 306.609438 
082 0 |a 306/.6/09438 
084 |a 1  |2 ssgn 
084 |a MG 92086  |2 rvk  |0 (DE-625)rvk/122873:12049 
100 1 |0 (DE-588)139049894  |0 (DE-627)608096172  |0 (DE-576)310028515  |4 aut  |a Michel, Patrick  |d 1955- 
109 |a Michel, Patrick 1955-  |a Michel, P. 1955- 
191 |a 1 
245 1 0 |a L'église de Pologne et l'avenir de la nation  |c Patrick Michel 
264 1 |a Paris  |b Le Centurion  |c 1981 
300 |a 193 S 
336 |a Text  |b txt  |2 rdacontent 
337 |a ohne Hilfsmittel zu benutzen  |b n  |2 rdamedia 
338 |a Band  |b nc  |2 rdacarrier 
490 0 |a "Faire notre histoire": Propositions 
583 1 |a Archivierung prüfen  |c 20200919  |f DE-640  |z 2  |2 pdager 
583 1 |a Archivierung/Langzeitarchivierung gewährleistet  |f SSG  |x XA-DE-BW  |2 pdager  |5 DE-21 
610 2 7 |0 (DE-588)2009545-4  |0 (DE-627)101659261  |0 (DE-576)191644501  |a Katholische Kirche  |2 gnd 
651 7 |0 (DE-588)4046496-9  |0 (DE-627)106197762  |0 (DE-576)209069872  |a Polen  |2 gnd 
689 0 0 |d g  |0 (DE-588)4046496-9  |0 (DE-627)106197762  |0 (DE-576)209069872  |2 gnd  |a Polen 
689 0 1 |q z  |2 gnd  |a Kirchengeschichte 
689 0 |5 (DE-627) 
935 |a mteo 
935 |i Blocktest 
936 r v |a MG 92086  |b Politischer Wandel (Tradition, Fortschritt, Reform, Konflikt, Krise, Revolution)  |k Politologie  |k Politische Systeme einzelner Länder  |k Europa, Nordamerika  |k Osteuropa (ehem. Ostblock)  |k Polen  |k Politischer Wandel (Tradition, Fortschritt, Reform, Konflikt, Krise, Revolution)  |0 (DE-627)1271525232  |0 (DE-625)rvk/122873:12049  |0 (DE-576)201525232 
951 |a BO 
ELC |b 1 
ITA |a 1  |t 1 
LOK |0 000 xxxxxcx a22 zn 4500 
LOK |0 001 3232601278 
LOK |0 003 DE-627 
LOK |0 004 424277883 
LOK |0 005 20090702111056 
LOK |0 008 980213||||||||||||||||ger||||||| 
LOK |0 040   |a DE-21  |c DE-627  |d DE-21 
LOK |0 852   |a DE-21 
LOK |0 852 1  |c 22 A 19556  |9 00 
LOK |0 935   |a konv  |a theo  |a sepp 
LOK |0 939   |a 13-02-98  |b l01 
ORI |a SA-MARC-ixtheoa001.raw 
REL |a 1 
STA 0 0 |a Church history studies,Church,Church history,Church history,Holy See (motif),Catholic church,Catholic Church,Catholic Church,Former pilgrimage church Saint Ottilia,Poles,Poland,Polish people 
STB 0 0 |a Histoire de l’Église,Histoire de l’Église,Histoire du christianisme (discipline),Histoire du christianisme,Polonais,Saint-Siège (motif),Église catholique,Église catholique 
STC 0 0 |a Historia eclesiástica,Historia eclesiástica,Historia eclesiástica,Movimiento juvenil católico,Polacos 
STD 0 0 |a Chiesa cattolica,Polacchi,Storia della Chiesa,Storia della Chiesa 
STE 0 0 |a 天主教会,罗马公教,教会历史研究,教会,波兰 
STF 0 0 |a 天主教會,羅馬公教,教會歷史研究,教會,波蘭 
STG 0 0 |a História eclesiástica,História eclesiástica,Igreja católica,Poloneses 
STH 0 0 |a История церкви (дисциплина),История церкви,Католическая церковь (мотив),Поляки (народ) 
STI 0 0 |a Εκκλησιαστική Ιστορία (μάθημα),Εκκλησιαστική Ιστορία,Καθολική Εκκλησία (μοτίβο),Πολωνοί 
SUB |a REL 
SYB 0 0 |a Katolikus Egyház,RCC,Katoličeskaj Cerkovʹ,Katoličke Cerkve,Katolska Cyrkej,Katolske Kirke,Ecclesia Catholica,Igreja Católica,Römisch-Katholische Kirche,Katholikē Ekklēsia,Catholic Church,Roman Catholic Church,Eglise Catholique,Eglise Catholique Romaine,Chiesa Cattolica,Katholieke Kerk,Iglesia Católica,Katolické Církve,Kościoł Katolicki,Katoličke Crkve,Eglise catholique romaine,Chiesa cattolica romana,Roman catholic Church,Eglise catholique,Römische Kirche , Eglise catholique,Roman Catholic Church,Catholic Church , Ehemalige Wallfahrtskirche Sankt Ottilia 
SYF 0 0 |a Polen,Polen,Poland , Generalgouvernement Polen,Polska,Rzeczpospolita Polska,Polska Rzeczpospolita Ludowa,Poland,Pologne,République Polonaise,Generalne Gubernatorstwo w Polsce,Polish People's Republic,Polska Rzeczpospolita,PRL,RP,Polen,Polska,Besetzte Polnische Gebiete,Besetztes Gebiet in Polen,Okupowane Polskie Obszary,Obszary Okupowane w Polsce,Volksrepublik Polen,Polska Rosyjska,Republic Polen,Respublika Pol'ša,Pol'skaja Narodnaja Respublika,République de Pologne,Polen Links der Weichsel,Polska po Lewej Stronie Wisły,Lenkija,Polija,Gubernija Carstva Pol'skago,Republik Polen 
SYG 0 0 |a Polen,Polen,Poland , Generalgouvernement Polen,Polska,Rzeczpospolita Polska,Polska Rzeczpospolita Ludowa,Poland,Pologne,République Polonaise,Generalne Gubernatorstwo w Polsce,Polish People's Republic,Polska Rzeczpospolita,PRL,RP,Polen,Polska,Besetzte Polnische Gebiete,Besetztes Gebiet in Polen,Okupowane Polskie Obszary,Obszary Okupowane w Polsce,Volksrepublik Polen,Polska Rosyjska,Republic Polen,Respublika Pol'ša,Pol'skaja Narodnaja Respublika,République de Pologne,Polen Links der Weichsel,Polska po Lewej Stronie Wisły,Lenkija,Polija,Gubernija Carstva Pol'skago,Republik Polen , Kirche 
TIM |a 000000000000_100015691231  |b  - 1569